Southville International School and Colleges
Your cart is empty.
  • Cart
  • Lists
    Public lists Eva Luna New books Lux_list list_1
    Your lists Log in to create your own lists
  • Log in to your account
  • Your cookies
  • Search history
Southville International School and Colleges
  • Advanced search
  • Recent comments
  • Most popular
  • Libraries

Log in to your account

Log in with GOOGLE


If you do not have an external account, but do have a local account, you can still log in:

  1. Home
  2. MARC view: Japan, the land /
Normal view MARC view ISBD view

Japan, the land / (Record no. 9904)

[ view plain ]
MARC details
000 -LEADER
fixed length control field 01027cam a2200313 a 4500
001 - CONTROL NUMBER
control field 4886744
003 - CONTROL NUMBER IDENTIFIER
control field OSt
005 - DATE AND TIME OF LATEST TRANSACTION
control field 20140310182144.0
008 - FIXED-LENGTH DATA ELEMENTS--GENERAL INFORMATION
fixed length control field 930730m19931989onca j 001 0 eng
010 ## - LIBRARY OF CONGRESS CONTROL NUMBER
LC control number 93006162
020 ## - INTERNATIONAL STANDARD BOOK NUMBER
International Standard Book Number 0865052042(lib. bdg.)
020 ## - INTERNATIONAL STANDARD BOOK NUMBER
International Standard Book Number 0865052840 (pbk.)
040 ## - CATALOGING SOURCE
Original cataloging agency DLC
Transcribing agency DLC
Modifying agency DLC
042 ## - AUTHENTICATION CODE
Authentication code lcac
050 00 - LIBRARY OF CONGRESS CALL NUMBER
Classification number DS 806.J3
Item number .K33 1989
082 00 - DEWEY DECIMAL CLASSIFICATION NUMBER
Classification number HS 952.04
Item number Ka12 1989
100 1# - MAIN ENTRY--PERSONAL NAME
Personal name Kalman, Bobbie.
9 (RLIN) 15468
245 10 - TITLE STATEMENT
Title Japan, the land /
Statement of responsibility, etc Bobbie Kalman.
260 ## - PUBLICATION, DISTRIBUTION, ETC. (IMPRINT)
Place of publication, distribution, etc Toronto ; New York :
Name of publisher, distributor, etc Crabtree Pub. Co.,
Date of publication, distribution, etc c1989.
300 ## - PHYSICAL DESCRIPTION
Extent 32 p. :
Other physical details col. ill. ;
Dimensions 29 cm.
440 #4 - SERIES STATEMENT/ADDED ENTRY--TITLE
Title The lands, peoples, and cultures series
9 (RLIN) 15469
500 ## - GENERAL NOTE
General note Includes index.
651 #0 - SUBJECT ADDED ENTRY--GEOGRAPHIC NAME
Geographic name Japan.
9 (RLIN) 15470
651 #1 - SUBJECT ADDED ENTRY--GEOGRAPHIC NAME
Geographic name Japan.
9 (RLIN) 15471
906 ## - LOCAL DATA ELEMENT F, LDF (RLIN)
a 7
b cbc
c orignew
d 1
e ocip
f 19
g y-gencatlg
942 ## - ADDED ENTRY ELEMENTS (KOHA)
Source of classification or shelving scheme Library of Congress Classification
Koha item type
Holdings
Withdrawn status Lost status Source of classification or shelving scheme Damaged status Home library Current library Shelving location Date acquired Total Checkouts Full call number Barcode Date last seen Copy number Price effective from Koha item type
    Library of Congress Classification   Luxembourg Library Luxembourg Library High School Section 08/29/2013   DS 806.J3 .K33 1989 9760 01/06/2016 1 08/29/2013 Books

Japan, the land /

APA

Kalman B., . (1989). Japan, the land. Toronto ; New York: Crabtree Pub. Co.

Chicago

Kalman Bobbie, . 1989. Japan, the land. Toronto ; New York: Crabtree Pub. Co.

Harvard

Kalman B., . (1989). Japan, the land. Toronto ; New York: Crabtree Pub. Co.

MLA

Kalman Bobbie, . Japan, the land. Toronto ; New York: Crabtree Pub. Co. 1989.

  • Place hold
  • Print
  • Cite
  • Add to your cart (remove)
  • Save record
    BIBTEX Dublin Core MARCXML MARC (non-Unicode/MARC-8) MARC (Unicode/UTF-8) MARC (Unicode/UTF-8, Standard) MODS (XML) RIS
  • More searches
    Search for this title in:
    Other Libraries (WorldCat) Other Databases (Google Scholar) Online Stores (Bookfinder.com) Open Library (openlibrary.org)

Exporting to Dublin Core...

SOUTHVILLE LIBRARY

Southville International School and Colleges Library

1281 Tropical Ave. Cor. Luxembourg St., BF Homes International, Las Pinas City

Tel. No. 8256374 / 252358 Loc. 117/146

Powered by Koha